000
00288nam a2200121Ia 4500
008
190216s9999||||xx |||||||||||||| ||und||
100
_a
Lenin V I
245
0
_a
Collected Works
260
_b
"Progress Publishers, Moscow"
_c
1967
300
_a
483p
650
_a
World History
942
_c
BK
999
_c
18836
_d
18836